MDQL
is popping MORE tags! Check the
thread
!
Quizzes
Events
Quiz Creation
Community
Videos
Private Events
Remove Ads
Sign In
Join for FREE
Feedback
Dark Mode
Quiz Categories
Sports
Geography
Music
Movies
Television
Just For Fun
Miscellaneous
History
Literature
Language
Science
Gaming
Entertainment
Religion
Holiday
For Kids
Quiz Lab
Recent
Popular Today
Quiz Kudos Today
Editor Picks
Curator Picks
Quizzes by...
Day
Popularity
Type
Ratings
Length
Year
Community
Subscriptions
Recent Discussions
Orange Saloon
Badges
Playlists
Quests
Create
Leaderboards
Showdown
Live 5
Trivia Bingo
Activity
Puzzle Library
Sporcle Events
Private Events
Virtual Trivia
Globe League
Become a Host
Pub Owners
SporcleCon
Opinionation
Our Games
Videos
Blog
Mobile Apps
Partnerships
Remove Ads and Go Orange
Feedback
Sports
Athletes
MLB
NBA
NHL
NFL
Soccer
Sports Teams
WWE
NCAA
Football
Premier League
Basketball
Baseball
Hockey
Golf
Tennis
Cricket
Rugby
Auto Racing
Olympics
World Cup
Sports
Athletes
MLB
NBA
NHL
NFL
Soccer
Sports Teams
WWE
NCAA
Football
Premier League
Basketball
Baseball
Hockey
Golf
Tennis
Cricket
Rugby
Auto Racing
Olympics
World Cup
Random Quiz
Search Sporcle
×
Quiz Lab
Quiz Lab
Sports
Baseball
Type in answers that appear in a list
Type in answers that appear in a list
Classic
Best Score? Go Orange.
MLB Single Season Homeruns Stats
Can you name the MLB players with the most single season homeruns?
By
Kroger
10m
60 Questions
1,479 Plays
1,479 Plays
1,479 Plays
Comments
Comments
Give Quiz Kudos
Give Quiz Kudos
-
- Ratings
hide this ad
More Info
Replay
Link that replays current quiz
Next Quiz
Link to next quiz in quiz playlist
You Got
0%
They Got
Avg Score
79%
Avg Friend Score
Upgrade to see
Score Distribution
Jump to the score distribution portion of the page
Score
0/60
Timer
10:00
0
Plays Today
Homeruns
Player
% Correct
73
Barry Bonds
99.7%
49
Barry Bonds
99.7%
66
Sammy Sosa
98.6%
64
Sammy Sosa
98.6%
63
Sammy Sosa
98.6%
50
Sammy Sosa
98.6%
49
Sammy Sosa
98.6%
70
Mark McGwire
98.3%
65
Mark McGwire
98.3%
58
Mark McGwire
98.3%
52
Mark McGwire
98.3%
49
Mark McGwire
98.3%
60
Babe Ruth
98%
59
Babe Ruth
98%
54
Babe Ruth
98%
54
Babe Ruth
98%
49
Babe Ruth
98%
61
Roger Maris
95.1%
54
Mickey Mantle
91.1%
52
Mickey Mantle
91.1%
57
Alex Rodriguez
90.3%
54
Alex Rodriguez
90.3%
52
Alex Rodriguez
89.5%
56
Ken Griffey Jr.
87.2%
56
Ken Griffey Jr.
87.2%
49
Ken Griffey Jr.
87.2%
58
Ryan Howard
84.4%
52
Willie Mays
83.2%
51
Willie Mays
83.2%
49
Willie Mays
83.2%
Homeruns
Player
% Correct
57
Luis Gonzalez
82.2%
58
Jimmie Foxx
81.5%
50
Jimmie Foxx
81.5%
49
Lou Gehrig
79.4%
49
Lou Gehrig
79.4%
51
Cecil Fielder
78.2%
50
Prince Fielder
78.2%
54
David Ortiz
75.5%
52
Jim Thome
72.3%
49
Shawn Green
72.3%
49
Jim Thome
72.3%
50
Brady Anderson
71.1%
49
Albert Pujols
69.4%
58
Hank Greenberg
68%
51
Andruw Jones
65%
49
Harmon Killebrew
64.2%
49
Harmon Killebrew
64.2%
50
Albert Belle
62.9%
49
Albert Belle
62.9%
56
Hack Wilson
60.9%
49
Frank Robinson
59.2%
50
Greg Vaughn
56.6%
54
Ralph Kiner
55.4%
51
Ralph Kiner
55.4%
52
George Foster
54.8%
49
Larry Walker
54.5%
49
Andre Dawson
48.1%
49
Todd Helton
47.9%
51
Joe Mize
43.9%
49
Ted Kluszewski
29.3%
Quiz Playlist
Details
Report
Send in Message
Add To Playlist
More Info:
Players can occur more than once
Classic:
Type in answers that appear in a list
Quiz Source
Last Updated: Feb 16, 2017
Quiz Scoreboard
CHALLENGE
Sign Up to Join the Scoreboard
Show All
Scores
Hide
Comments
May contain spoilers
Recently Published
5x2 Blitz: Bands
by SL_Kpop136
Music
30s
Colored Red Africa Blitz
by spor1
Geography
30s
Find the 'City' Movie
by crazypaving
Movies
60s
More to Explore
Quiz From the Vault
Featured Blog Post
14 Easter Pick-up Lines to Find Eggs With
hide this ad
You Might Also Like...
Tags
Baseball Quiz
MLB Quiz
Humerus
Player
season
Single
Today's Top Quizzes in Sports
Browse Sports
hide this ad
Today's Top Quizzes in Baseball
Browse Baseball
Top Contributed Quizzes in Sports
1
Players with Multiple 50 Home Run Seasons
2
Criteria MLB: Left Handed Sluggers
3
MLB Players with Two .350 Batting Average Seasons
4
Who Hit More Homers?
5
Premier League Clubs since 2000 (minefield)
6
Who Needs Fielders?
7
2020 F1 Drivers Logic Puzzle
8
Les entraîneurs de l'OM et du PSG au 21e siècle
9
Top 10 NHL Goal Scorers of All Time
10
MLB Hall of Famer by Rings
Explore More
Trending Topics
Kpop
Marvel
Harry Potter
Disney
Crossword
Anime
NBA
WWE
The Office
Puzzle
Pokémon
Soccer
NFL
Song
Country
hide this ad
More By:
Kroger
Quiz
Plays
Rating
Category
Featured
Created
United State of Pop 2007
7,619
3.67
Music
Jan 11, 2010
1st Round in 2009 NFL Draft
2,092
5.00
Sports
Jan 16, 2010
MLB Single Season Homeruns
1,479
3.78
Sports
Feb 14, 2010
United State of Pop 2008
1,127
4.00
Music
Jan 13, 2010
1990 NHL Teams
623
4.31
Sports
Feb 7, 2010
Go to Creator's Profile
Score Distribution
Quiz Creator Spotlight
Kroger
Follow
Send a Message
Quizzes Created
-
Created Quiz Play Count
-
More By This Creator
Popular Quizzes Today
1
Find the 'City' Movie
2
Colored Red Africa Blitz
3
Find the US States - No Outlines Minefield
4
5x2 Blitz: Bands
5
The Countries of the World
6
Find the US States
7
US States
8
9x9 Crossword: Cartoon Network
More Sports Quizzes
It's a Stretch: MLB Teams
Curator's Pick
Trending Quizzes
Colored Red Europe Blitz I
Colored Red Africa Blitz II
Colored Red Europe Blitz II
Colored Red Africa Blitz III
Colored Red Europe Blitz III
Recently Updated
Famous TV Couples
Peacemaker
Champions League XIs: Real Madrid
pecheneg
Largest US Cities 1790-2010
pecheneg
Rides in Walt Disney World
pecheneg
Most Oscar Losses (Acting)
pecheneg
Beyoncé Albums
pecheneg
Leaping Animals
pecheneg
Reality TV Shows (A-Z)
bhenderson79
Rickey Henderson's Hall of Fame Teammates
pecheneg
Champions League XIs: Arsenal
pecheneg
Trending Topics
Crossword
Disney
NBA
Marvel
Harry Potter
Anime
Kpop
NFL
Puzzle
WWE
Soccer
Song
Pokémon
Country
The Office
Your Account Isn't Verified!
In order to create a playlist on Sporcle, you need to verify the email address you used during registration. Go to your
Sporcle Settings
to finish the process.
Report this User
Report this user for behavior that violates our
Community Guidelines
.
Details:
Send Report
Go to the Sporcle.com Mobile Site →
Comments